| 000 | 00000nam 22000008a 4500 |
| 001 | 9.838874 |
| 003 | CaOODSP |
| 005 | 20250611103806 |
| 007 | cr ||||||||||| |
| 008 | 170623s2017 onc o f000 0 fre d |
| 020 | |a978-0-660-08894-5 |
| 040 | |aCaOODSP|bfre |
| 043 | |an-cn--- |
| 086 | 1 |aA118-10/3-2015F-PDF |
| 245 | 00|aProfil du pois de grande culture au Canada, 2015 |h[ressource électronique] / |cpréparé par Programme de réduction des risques liés aux pesticides, Centre de la lutte antiparasitaire, Agriculture et agroalimentaire Canada. |
| 250 | |a3e éd., 2017. |
| 260 | |a[Ottawa] : |bAgriculture et agroalimentaire Canada, |cc2017. |
| 300 | |a67 p. |
| 500 | |aPubl. aussi en anglais sous le titre : Crop profile for field pea in Canada, 2015. |
| 500 | |aTitre de la couv. |
| 504 | |aComprend des références bibliographiques. |
| 692 | 07|2gccst|aCultures |
| 710 | 1 |aCanada. |bAgriculture et agroalimentaire Canada. |
| 710 | 2 |aProgramme de réduction des risques liés aux pesticides (Canada) |
| 775 | 08|tCrop profile for field pea in Canada, 2015 |w(CaOODSP)9.838871 |
| 795 | |tProfil de la culture du pois de grande culture au Canada |w(CaOODSP)9.635184 |
| 856 | 40|qPDF|s1.32 Mo|uhttps://publications.gc.ca/collections/collection_2017/aac-aafc/A118-10-3-2015-fra.pdf |
| 986 | |aNo d'AAC 12686F |